000 00645nam a2200241Ia 4500
003 OSt
005 20221005032522.0
006 a|||||r|||| 00| 0
007 ta
008 221004b |||||||| |||| 00| 0 eng d
024 _a77262
037 _cTextual
040 _aCRL
_cCRL
_beng
041 _2eng
_aeng
082 _aO:g(SM9)x, J7
100 _aPhillips William Ed.
245 0 _aArt and Psychoanalysis
260 _aCleveland
_bThe World Publishing Company
_c1957
300 _a533p.
_ccm.
650 _aENGLISH LITERATURE
942 _hO:g(SM9)x, J7
_cTEXL
_2cc
999 _c939849
_d939849